Movie Cast Match (2012) Quiz Stats

 Plays Quiz Updated Mar 12, 2015

Support Sporcle.
Go Orange.
Score 0/40 Timer 08:00
4 Plays Today
% Correct
The Twilight Saga: Breaking Dawn - Part 2
93.7%
Men in Black 3
92%
The Hunger Games
91.6%
Ted
91.4%
Taken 2
90.6%
The Avengers
90.2%
Skyfall
90%
21 Jump Street
88.8%
Silver Linings Playbook
88.6%
The Dark Knight Rises
88.6%
Django Unchained
88.5%
Magic Mike
88.3%
Les Misérables
87.8%
The Expendables 2
87.2%
Pitch Perfect
86.4%
Madagascar 3: Europe's Most Wanted
85%
Argo
84.7%
The Amazing Spider-Man
84.1%
Life of Pi
84%
Ice Age: Continental Drift
82.8%
% Correct
Snow White and the Huntsman
82.7%
The Hobbit: An Unexpected Journey
82.7%
The Dictator
82%
Lincoln
81.4%
Jack Reacher
80.9%
American Reunion
80.8%
Wreck-It Ralph
79.5%
This Is 40
75.4%
Looper
74.5%
Spring Breakers
73.7%
Dark Shadows
73%
Resident Evil: Retribution
72.3%
The Woman in Black
72%
Cloud Atlas
71.3%
Battleship
70.9%
The Campaign
68.9%
The Bourne Legacy
67.1%
The Five-Year Engagement
66.4%
Zero Dark Thirty
65.6%
This Means War
64.6%

You're not logged in!

Compare scores with friends on all Sporcle quizzes.
OR
Log In

From the Vault

Not That Character Chain

by DesertSpartan

We hope we don't start a chain reaction.
Remove Ads.
Support Sporcle.
Get the best of Sporcle when you Go Orange. This ad-free experience offers more features, more stats, and more fun while also helping to support Sporcle. Thank you for becoming a member.

Show Comments

Extras

Top Quizzes Today


Score Distribution

Your Account Isn't Verified!

In order to create a playlist on Sporcle, you need to verify the email address you used during registration. Go to your Sporcle Settings to finish the process.

Report this User

Report this user for behavior that violates our Community Guidelines.

Details: